01438cam a2200361 a 4500001001400000003000800014005001700022006001900039007001500058008004100073020003800114040003000152049002600182050002600208082001900234100002000253245015700273260005300430300003400483520015600517521001700673588004700690504005100737650002500788655002900813700002900842700002300871710001600894776003500910856009600945942001601041999001901057EDZ0000062153StDuBDS20161031105118.0m||||||||d||||||||cr |||||||||||120307s1997 cau fo| 001|0|eng|d a9781452243320 (ebook) :cNo price aStDuBDSbengcStDuBDSepn aAlfaisal Main Library 0aRC455.2.M38bM65 199704a651.5042612231 aMoline, Mary E.10aDocumenting psychotherapyh[electronic resource] :bessentials for mental health practitioners /cMary E. Moline, George T. Williams, Kenneth M. Austin. aThousand Oaks, Calif. ;aLondon :bSAGE,cc1997. a1 online resource (x, 189 p.)8 aDocumenting Psychotherapy examines exactly what is involved in keeping adequate clinical records of individual, family, couple and group psychotherapy. aSpecialized. aDescription based on print version record. aIncludes bibliographical references and index. 0aPsychiatric records. 7aElectronic books.2local1 aWilliams, George Taylor.1 aAustin, Kenneth M.2 aSage eBooks08iPrint version :z978080394692740uhttp://ezproxy.alfaisal.edu/login?url=http://sk.sagepub.com/books/documenting-psychotherapy 2lcccEBOOKS c479544d479544